00534cam a22002051 4500001001300000003000400013005001700017008004100034010001700075035002000092040001800112042001200130050001600142100002500158245005400183260001000237300002200247650004200269999001700311sa 65004333 DLC20260227112130.0881102s1958 xx 000 0 hino  asa 65004333  a(OCoLC)23545522 aDLCcMiUdDLC apremarc00aPK2042b.K31 aKapoor, Ram Prakash.10aHindī ke sāta yugāntarakārī upanyāsa. c1958. a2. 220 p.c23 cm. 0aHindi fictionxHistory and criticism. c63683d63683